000 02168cam a2200289 a 4500
999 _c3445
_d3445
001 (Sirsi) a948826
003 OSt
005 20240120125546.0
008 140411s2014 si a c 000 1 eng c
020 _a9789810900298
_q(pbk.) :
040 _aNJQ/DLC
_beng
_cZQP
_dDLC
_dBTCTA
_dYDXCP
_dBDX
_dSINLB
_dOCLCF
_dZHB
_dVP@
_dEEK
_dTAE
_dKH8
042 _anbic
082 0 _a813.54 PIL
100 1 _aPilkey, Dav,
_d1966-
_eAuthor
245 1 0 _aCaptain Underpants and the tyrannical retaliation of the Turbo Toilet 2000 :
_bthe eleventh epic novel /
_cby Dav Pilkey.
260 _aSingapore :
_bScholastic Inc.,
_c2014.
300 _a220 p. :
_bill. ;
_c20 cm.
505 0 _aThe truth, the whole truth, and nothing but the truth about Captain Underpants -- George and Harold -- Don't you hate it when a kickball hits Uranus? -- Melvin's moment of mirth -- He-who-must-not-be-flushed -- Big Melvin returns -- Sanitized for your protection -- The incredibly graphic violence chapter, part 1 (in Flip-O-Rama) -- Everybody loves Melvin -- With great power comes a great big pain in the hiney -- It's a mad, mad, mad, mad Melvin -- Dark foreshadows -- Headin' home -- Eleven minutes later -- What was to come next -- To thine own self be truant -- Super-secret test day -- The idea -- Our doppel g?ng -- The pact -- Shift workers -- Problems -- Super Diaper Baby 2 1/2 -- Dream a little dream of us -- Twin pranks -- Twelve days of chaos -- Heeeeeeeeere's Johnny! -- Disguise crazy! -- One smashed into the cuckoo's nest -- The incredibly graphic violence chapter, part 2 (in Flip-O- Rama) -- Tears of a commode -- The re-retaliation -- Surprise, surprise, surprise! -- To make a long story short -- Welcome back, Krupp -- Hamsterdactyls -- All's well that ends poorly.
520 _aThe monstrous Turbo Toilet 2000 is determined to take revenge on George, Harold, and Captain Underpants.
521 1 _a9-12.
650 0 _aCaptain Underpants (Fictitious character)
_vJuvenile. fiction.
650 0 _aSchool principals
_vJuvenile fiction.
650 0 _aMonsters
_vJuvenile fiction.
650 0 _aSuperheroes
_vJuvenile fiction.
650 0 _aHumorous stories.
942 _2ddc
_cFIC